000 00732nam a2200301Ia 4500
005 20250425161929.0
008 250425s9999 xx 000 0 und d
020 _a847577475X
041 _aspa
043 _asp
082 _a658.041
100 _aLEACH, PETER
245 0 _aLA EMPRESA FAMILIAR
250 _a1A ED.
260 _aBARCELONA
260 _aEspaña
_bEDICIONES GRANICA S.A.
_c1999
300 _a311
500 _aMANAGEMENT
500 _aTítulo Traducido: THE FAMILY BUSINESS
650 _aCONTROL
650 _aDINAMICA
650 _aDIRECCION
650 _aEMPRESA FAMILIAR
700 _aFEDERICO VILLEGAS
_etraductor
710 _aEDICIONES GRANICA S.A.
942 _c01
010 _a35308
999 _c219080
_d219080